Africa and its explorers : (Record no. 12440)
[ view plain ]
| 000 -LEADER | |
|---|---|
| fixed length control field | 00514cam a22001812 4500 |
| 001 - CONTROL NUMBER | |
| control field | 0000000687 |
| 005 - DATE AND TIME OF LATEST TRANSACTION | |
| control field | 20151217155805.0 |
| 008 - FIXED-LENGTH DATA ELEMENTS--GENERAL INFORMATION | |
| fixed length control field | 070215s xx 000 0 eng d |
| 040 ## - CATALOGING SOURCE | |
| Original cataloging agency | KABU |
| Transcribing agency | KABU |
| 050 #0 - LIBRARY OF CONGRESS CALL NUMBER | |
| Classification number | DT3 |
| Item number | .A37 |
| 245 10 - TITLE STATEMENT | |
| Title | Africa and its explorers : |
| Remainder of title | motives, methods and impact / |
| Statement of responsibility, etc. | ed. by R. I. Rotberg. |
| 260 ## - PUBLICATION, DISTRIBUTION, ETC. (IMPRINT) | |
| Place of publication, distribution, etc. | London : |
| Name of publisher, distributor, etc. | OUP, |
| Date of publication, distribution, etc. | 1970. |
| 300 ## - PHYSICAL DESCRIPTION | |
| Extent | 351 p. |
| 700 1# - ADDED ENTRY--PERSONAL NAME | |
| Personal name | Rotberg, R. I. |
| -- | 0000148980 |
| 908 ## - PUT COMMAND PARAMETER (RLIN) | |
| Put command parameter | 070215 |
| 950 ## - LOCAL HOLDINGS (RLIN) | |
| -- | 1 |
| Withdrawn status | Lost status | Source of classification or shelving scheme | Not for loan | Home library | Current library | Date acquired | Total Checkouts | Full call number | Barcode | Date last seen | Price effective from | Koha item type |
|---|---|---|---|---|---|---|---|---|---|---|---|---|
| Library of Congress Classification | Kabarak, Main Campus | Kabarak, Main Campus | 17/12/2015 | DT3 .A37 | 006447 | 17/12/2015 | 17/12/2015 | Africana Collection |